| 000 | 00688nam a22002297a 4500 | ||
|---|---|---|---|
| 005 | 20251113103227.0 | ||
| 008 | 251113b |||||||| |||| 00| 0 eng d | ||
| 017 | _aLD.0771 | ||
| 018 | _a2025 | ||
| 020 | _a9789789544837 | ||
| 040 |
_aNLN _bEnglish _eAACR2 |
||
| 050 |
_aBV4811 _b.O52 |
||
| 082 | _a242.2 | ||
| 100 |
_aOLUWASEUN, Ayanfeoluwa _eaut _968646 |
||
| 245 |
_aGleaning from Ruth: _bpathway to restoration / _cAyanfeoluwa Oluwaseun |
||
| 260 |
_aIkeja, Lagos (54 Opebi Road): _bThots and Works, _c2018 |
||
| 300 |
_ax, 111p.: _b ill.; 2018 |
||
| 563 | _a(pbk) | ||
| 650 |
_aDevotional Calendars _vChristianity _968647 |
||
| 650 |
_aRuth _vin the bible _968648 |
||
| 942 |
_cBK _n0 |
||
| 999 |
_c33827 _d33827 |
||